Význam logistiky počas energetickej krízy výrazne narastá

Rozhovor s Mariámnom Smikom, presedom Slovenskej batériovej aliancie o budúcnosti vodíka a batérií, ktoré hýbu logistikou.

Guardado en:
Detalles Bibliográficos
Autor principal: Szmrecsányi, Tomáš
Formato: Capítulo de libro
Lenguaje:eslovaco
Materias:
Etiquetas: Agregar Etiqueta
Sin Etiquetas, Sea el primero en etiquetar este registro!

MARC

LEADER 00000naa a2200000 4500
001 0289087
005 20240417075220.1
041 0 |a slo 
044 |a CZ 
245 1 0 |a Význam logistiky počas energetickej krízy výrazne narastá  |c Tomáš Szmrecsányi 
520 |a Rozhovor s Mariámnom Smikom, presedom Slovenskej batériovej aliancie o budúcnosti vodíka a batérií, ktoré hýbu logistikou. 
610 2 0 |a logistika 
610 2 0 |a kríza 
610 2 0 |a kríza energetická 
610 2 0 |a hmoty pohonné 
610 2 0 |a ekologizácia 
610 2 0 |a elektromobily 
610 2 0 |a zdroje energie alternatívne 
610 2 0 |a výhody komparatívne 
610 2 0 |a regulácia 
100 1 |a Szmrecsányi, Tomáš